Mikor a darvak szállnak És megint csak úgy /

Elmentve itt :
Bibliográfiai részletek
Szerző: Andrássy Lajos
Dokumentumtípus: Cikk
Megjelent: 1979-12-09
Sorozat:Délmagyarország 69 No. 288
Online Access:http://dmarchiv.bibl.u-szeged.hu/91001
LEADER 00440nab a2200145 i 4500
001 delm91001
005 20190521091820.0
008 190521s1979 hu o 0|| hun d
040 |a SZTE Délmagyarország Archívum  |b hun 
041 |a hun 
100 1 |a Andrássy Lajos 
245 1 0 |a Mikor a darvak szállnak   |h [elektronikus dokumentum] :  |b És megint csak úgy /  |c  Andrássy Lajos 
260 |c 1979-12-09 
300 |a 8 
490 0 |a Délmagyarország  |v 69 No. 288